Statistiques concernant Chanteurs français par photo, années 70'-80'

Cliquez ici pour prendre le quiz!

Statistiques générales

  • Ce quiz a été pris 853 fois
  • Le résultat moyen est 14 sur 20

Statistiques - réponses

Réponse% Correct
Renaud
97%
Céline Dion
96%
Jean-Jacques Goldman
93%
Gilbert Montagné
90%
Daniel Balavoine
88%
Michel Sardou
84%
Marc Lavoine
82%
Michel Polnareff
81%
Julien Clerc
77%
Laurent Voulzy
77%
Alain Souchon
74%
Michel Berger
69%
Francis Cabrel
66%
Joe Dassin
58%
Véronique Sanson
57%
Christophe
56%
Etienne Daho
48%
Gérard Lenorman
46%
Michel Fugain
45%
Michel Jonasz
36%

Distribution des résultats

Percentile par nombre de réponses

% des personnes avec chaque résultat

Votre développement - résultats

Vous n’avez pas pris ce quiz